LEADER 00976nam0-22002891i-450- 001 990006148060403321 005 20120418124016.0 035 $a000614806 035 $aFED01000614806 035 $a(Aleph)000614806FED01 035 $a000614806 100 $a20000112d1989----km-y0itay50------ba 101 0 $aeng 105 $ay-------00-yy 200 1 $aRecensiones a$e(Royden Hasley L.$eThe Magistrates of the Roman professional collegia in Italia from the first to the third century a.D., Pisa, Giannini, 1988$fFRANCESCO M. DE ROBERTIS 210 $aRomae$cPontificia Universitas Laternanensis$d1989 215 $a592-595 p.$d24 cm 463 0$1200$aStudia et documenta historiae et iuris, LV, 1989 676 $a340.54 700 1$aDe Robertis,$bFrancesco M.$0187089 801 0$aIT$bUNINA$gRICA$2UNIMARC 901 $aBK 912 $a990006148060403321 952 $aBUSTA 1 (16) 22$b23384*$fFGBC 959 $aFGBC 996 $aRecensiones a$9645784 997 $aUNINA LEADER 01542nam 2200457 450 001 9910709640703321 005 20180606115153.0 035 $a(CKB)5470000002471830 035 $a(OCoLC)1038799449 035 $a(EXLCZ)995470000002471830 100 $a20180606j198205 ua 0 101 0 $aeng 135 $aur||||||||||| 181 $ctxt$2rdacontent 182 $cc$2rdamedia 183 $acr$2rdacarrier 200 10$aCOSAL $ea black-box compressible stability analysis code for transition prediction in three-dimensional boundary layers /$fMujeeb R. Malik 210 1$aHampton, Virginia :$cNational Aeronautics and Space Administration, Langley Research Center,$dMay 1982. 215 $a1 online resource (ii, 226 pages) $cillustrations 225 1 $aNASA/CR ;$v165925 300 $a"May 1982." 320 $aIncludes bibliographical references (page 132). 517 $aCOSAL 606 $aCompressible boundary layer$2nasat 606 $aAircraft design$2nasat 606 $aSwept wings$2nasat 606 $aBoundary layer transition$2nasat 606 $aThree dimensional boundary layer$2nasat 615 7$aCompressible boundary layer. 615 7$aAircraft design. 615 7$aSwept wings. 615 7$aBoundary layer transition. 615 7$aThree dimensional boundary layer. 700 $aMalik$b Mujeeb R.$01388427 712 02$aLangley Research Center, 801 0$bGPO 801 1$bGPO 906 $aBOOK 912 $a9910709640703321 996 $aCOSAL$93438983 997 $aUNINA LEADER 02249nas 2200469 n 450 001 990008904490403321 005 20240229084431.0 011 $a0075-1790 035 $a000890449 035 $aFED01000890449 035 $a(Aleph)000890449FED01 035 $a000890449 091 $2CNR$aP 00018965 100 $a20161109b19511978km-y0itaa50------ba 101 0 $aita 102 $aIT 110 $aauu-------- 200 1 $aAnnuario statistico dell'assistenza e della previdenza sociale 207 1$a1951-1978 210 $aRoma$cIstiuto Centrale di Statistica 326 $aAnnuale 440 0$1001000890457$12001$aAnnuario statistico della previdenza della sanità e dell'assistenza sociale 517 0 $aAnnuario statistico della previdenza e dell'assistenza sociale 530 0 $aAnnuario statistico dell'assistenza e della previdenza sociale 675 $a31 675 $a31 675 $a361.1 675 $a36 712 02$aIstat 801 0$aIT$bACNP$c20090723 859 4 $uhttp://acnp.cib.unibo.it/cgi-ser/start/it/cnr/dc-p1.tcl?catno=11287&person=false&language=ITALIANO&libr=&libr_th=unina1$zBiblioteche che possiedono il periodico 901 $aSE 912 $a990008904490403321 958 $aBiblioteca. Dipartimento Matematico Statistico dell'Università Federico II. Napoli$b1951-1975;$fMAS 958 $aBiblioteca. Dipartimento Matematico Statistico dell'Università Federico II. Napoli$b1974-1975;$fMAS 959 $aMAS 959 $aMAS 996 $aAnnuario statistico dell'assistenza e della previdenza sociale$9800626 997 $aUNINA AP1 8 $6866-01$aNA036 Biblioteca. Dipartimento Matematico Statistico dell'Università Federico II. Napoli$eV. Cintia-Complesso Universitario Monte, 80126 S. Angelo Napoli (NA)$m(081) 675175/76 - 081675011$m081675009$nit AP1 8 $6866-02$aNA036 Biblioteca. Dipartimento Matematico Statistico dell'Università Federico II. Napoli$eV. Cintia-Complesso Universitario Monte, 80126 S. Angelo Napoli (NA)$m(081) 675175/76 - 081675011$m081675009$nit AP2 40$aacnp.cib.unibo.it$nACNP Italian Union Catalogue of Serials$uhttp://acnp.cib.unibo.it/cgi-ser/start/it/cnr/df-p.tcl?catno=11287&language=ITALIANO&libr=&person=&B=1&libr_th=unina&proposto=NO